| 000 | 01393nam a2200289 a 4500 | ||
|---|---|---|---|
| 003 | DO-SdBNP | ||
| 005 | 20251105142853.0 | ||
| 007 | ta | ||
| 008 | 220801e20162018dr adb|fr|||| 001 0 spa d | ||
| 040 |
_aDO-SdBNP _bspa _cBNPHU |
||
| 082 | 4 |
_222 _bS456f |
|
| 245 | 0 | 3 |
_aEl seguro familiar de salud: _bencuesta nacional de hogares de propósito múltiples 2016. / |
| 260 |
_aSanto Domingo : _bSISALRIL, _c2018 |
||
| 300 |
_a115 p. : _bil., gráf., mapas ; _c28 cm. |
||
| 500 | _aIncluye glosarios de términos. | ||
| 505 | 0 | _aGlosario. | |
| 505 | 0 | _aIntroducción.-- | |
| 505 | 0 | _aFicha técnica. | |
| 505 | 0 |
_aObjetivos. _tI. Conocimiento y percepción sobre el Seguro Familiar de Salud (SFS).-- _tII. Tenencia de seguro de salud.-- _tIV: Población sin cobertura de salud.-- _tV. Experiencia con el uso del seguro Familia de salud.-- _tVI. Servicios de Salud por emergencias para afiliados y no afiliados al Seguro Familiar de Salud. _tCuadros.-- _tMapas.-- _tGráficos. |
|
| 650 | 4 |
_937093 _aAdministración de Riesgos Laborales _zRepública Dominicana |
|
| 650 | 4 |
_978840 _aSeguridad social _zRepública Dominicana |
|
| 650 | 4 |
_976715 _a Seguros contra accidentes de trabajo _zRepública Dominicana |
|
| 710 | 1 |
_aRepública Dominicana. _bOficina Nacional de Estadística _95775 |
|
| 710 |
_aSuperintendencia de Salud y Riesgo Laboral (SISALRIL) _982128 |
||
| 910 | _aMFeliz | ||
| 942 |
_2ddc _cLBS1 |
||
| 999 |
_c52253 _d52253 |
||